El Dr. Berenguer, camarero secreto de su Santidad
Colección:
San Jorge,
; núm. 2 (abril 1951), pàg. 75
Materias:
Berenguer Sala, Antonio, -- 1874-1955
Idioma:
Español
MARC
| LEADER | 00000naa a2200000 a 4500 | ||
|---|---|---|---|
| 003 | Arxiu | ||
| 005 | 20260324181023.0 | ||
| 008 | 160829s1951 spc xx s spa c 000 0 cat d | ||
| 040 | |a agdb | ||
| 245 | 0 | 3 | |a El Dr. Berenguer, camarero secreto de su Santidad |
| 246 | 3 | 3 | |a Doctor Berenguer, camarero secreto de su Santidad |
| 490 | |a San Jorge, |v núm. 2 (abril 1951), pàg. 75 | ||
| 600 | 1 | 0 | |a Berenguer Sala, Antonio, |d 1874-1955 |9 54536 |
| 773 | |t San Jorge. |w Núm. 2 (abril 1951), pàg. 75 | ||
| 901 | |a Arxiu | ||
| 942 | |n 1 |2 udc |c ART | ||
| 952 | |0 0 |1 0 |4 0 |7 1 |9 64552 |a Arxiu |b Arxiu |d 2022-12-01 |o Rev-508 |r 2022-12-01 00:00:00 |w 2022-12-01 |y ARXIU |z També disponible a Rev-521 | ||
| 999 | |c 43717 |d 43717 | ||